000 00592nam a2200193Ia 4500
003 IIN
005 20250521120457.0
008 231217s2014 xx ad 000 0 eng d
020 _cRs.395.00
_a9789351522263
040 _aIIN
_bEnglish
082 _a610.7343
_bCHA
100 1 _aChatterjee, Nirmallya
245 1 _aMCQs on Community Health Nursing/
_cNirmallya Chatterjee
260 _aNew Delhi
_bJaypee
_c2014
300 _a232 p.
500 _aThis book is contains various question and answer for both( B.Sc & GNM )nursing students.
650 1 _aCommunity Health Nursing
942 _cBOOK
999 _c515
_d515